R for everyone (Record no. 93075)

MARC details
000 -LEADER
fixed length control field 01349cam a2200349 i 4500
005 - DATE AND TIME OF LATEST TRANSACTION
control field 20190626142055.0
008 - FIXED-LENGTH DATA ELEMENTS--GENERAL INFORMATION
fixed length control field 130709s2014 njuab b 001 0 eng
020 ## - INTERNATIONAL STANDARD BOOK NUMBER
International Standard Book Number 9789332539242
080 ## - UNIVERSAL DECIMAL CLASSIFICATION NUMBER
Universal Decimal Classification number 004.438R
Item number LAN
100 1# - MAIN ENTRY--PERSONAL NAME
Personal name Lander, Jared P
245 10 - TITLE STATEMENT
Title R for everyone
Remainder of title advanced analytics and graphics
260 ## - PUBLICATION, DISTRIBUTION, ETC. (IMPRINT)
Place of publication, distribution, etc Noida
Name of publisher, distributor, etc Pearson
Date of publication, distribution, etc 2014
300 ## - PHYSICAL DESCRIPTION
Extent xxi, 432 pages
Other physical details illustrations, maps
Dimensions 24 cm.
490 0# - SERIES STATEMENT
Series statement Addison Wesley Data & Analytics Series
650 #0 - SUBJECT ADDED ENTRY--TOPICAL TERM
Topical term or geographic name as entry element R (Computer program language)
650 #0 - SUBJECT ADDED ENTRY--TOPICAL TERM
Topical term or geographic name as entry element Scripting languages (Computer science)
650 #0 - SUBJECT ADDED ENTRY--TOPICAL TERM
Topical term or geographic name as entry element Statistics
General subdivision Data processing.
650 #0 - SUBJECT ADDED ENTRY--TOPICAL TERM
Topical term or geographic name as entry element Statistics
General subdivision Graphic methods
-- Data processing.
650 #0 - SUBJECT ADDED ENTRY--TOPICAL TERM
Topical term or geographic name as entry element Computer simulation.
942 ## - ADDED ENTRY ELEMENTS (KOHA)
item type Books
Holdings
Lost status Source of classification or shelving scheme Not for loan Home library Current library Date acquired Cost, normal purchase price Total Checkouts Total Renewals Full call number Barcode Date last seen Date checked out Cost, replacement price Price effective from Koha item type
  Universal Decimal Classification   University Library University Library 01/03/2018 0.00 3 1 004.438R LAN 00080771 24/09/2024 11/07/2024 0.00 01/03/2018 Books
University Library, CUSAT